Ricostruisci la Carriera del Calciatore - Diego Llorente - Statistics

Statistiche generali
  • Questo quiz è stato fatto 5 volte
  • Il punteggio medio è 5 su 8
Statistiche sulle risposte
Hint Risposta % Corretto
2012-2013 Real Madrid C
100%
2020-2023 Leeds Utd
67%
2016-2017 Malaga
67%
2013-2015 Real Madrid
67%
2013-2015 Real M. Castilla
67%
2023- Roma
67%
2017-2020 Real Sociedad
33%
2015-2016 Rayo Vallecano
0%
Nessun quiz corrispondente trovato
Distribuzione punteggi
Percentuale di utenti per punteggio
Percentile per numero di risposta
I tuoi punteggi nel tempo
Non hai fatto questo quiz